2010's Movies by Hint - Statistics

General Stats
  • This quiz has been taken 400 times
  • The average score is 10 of 15
Answer Stats
Hint Year Actor Movie % Correct
Assemble!, Marvel, Hulk 2012 Chris Evans The Avengers
98%
Idina Menzel, Snow, Olaf 2013 Kristen Bell Frozen
91%
Chris Pratt, Fallen Kingdom, Dinosaurs 2015 Bryce Dallas Howard Jurassic World
86%
Another Musical, Ryan Gosling, Dancing 2017 Emma Stone La La Land
85%
World War I, Prequel, Lasso of Truth 2017 Gal Gadot Wonder Woman
85%
Time-Travel, Highest Grossing, Thanos 2019 Jeremy Renner Avengers: Endgame
77%
Musical, Zendaya, A Million Dreams 2017 Hugh Jackman The Greatest Showman
77%
Boxing Sequel, Ryan Coogler, Apollo 2015 Michael B. Jordan Creed
75%
Miguel, Mexico, Remember Me 2017 John Ratzenburger Coco
65%
Sunflower, Miles Morales, Gwen 2018 Shameik Moore Spider-Man Into the Spider-Verse
60%
Shuri, Okoye, Ramonda 2018 Martin Freeman Black Panther
57%
Prequel, Wizarding World, Grindelwald 2017 Ezra Miller Fantastic Beasts and Where to Find Them
54%
The Sequels, Kylo Ren, JJ Abrams 2015 Daisy Ridley The Force Awakens
50%
Banana, Twinkie, Bob 2015 Sanda Bullock Minions
38%
Brian Tyree Henry, Creepy, Stairs 2019 Robert De Niro Joker
13%
No matching quizzes found
Score Distribution
Percent of People with Each Score
Percentile by Number Answered
Your Score History
You have not taken this quiz